Měření daňové progresivity

Daňová progresivita a meranie miery progresivity. Lokálna progresivita. Globálna progresivita. Progresivita a liberálna fiškálna politika.

Salvato in:
Dettagli Bibliografici
Autore principale: Kinkor, Jiří
Natura: Capitolo di libro
Lingua:ceco
Soggetti:
Tags: Aggiungi Tag
Nessun Tag, puoi essere il primo ad aggiungerne!!

MARC

LEADER 00000naa a2200000 4500
001 r017062
005 20221205090239.2
041 0 |a cze 
044 |a CZ 
245 1 0 |a Měření daňové progresivity  |c J. Kinkor 
520 |a Daňová progresivita a meranie miery progresivity. Lokálna progresivita. Globálna progresivita. Progresivita a liberálna fiškálna politika. 
610 2 0 |a dane 
610 2 0 |a sadzby daňové 
610 2 0 |a politika fiškálna 
100 1 |a Kinkor, Jiří